Relaciones hispano marroquíes : (Record n. 33268)
[ formato base ]
| 000 -LEADER | |
|---|---|
| fixed length control field | 00834nam a2200217 i 4500 |
| 003 - CONTROL NUMBER IDENTIFIER | |
| control field | IT-RoINE |
| 005 - DATE AND TIME OF LATEST TRANSACTION | |
| control field | 20191217062717.0 |
| 008 - FIXED-LENGTH DATA ELEMENTS--GENERAL INFORMATION | |
| fixed length control field | 840713s1944 sp ac r 000 | spa d |
| 040 ## - CATALOGING SOURCE | |
| Original cataloging agency | DLC |
| Transcribing agency | CarP IT-RoINE |
| Modifying agency | DLC |
| -- | IT-RoINE |
| 100 1# - MAIN ENTRY--PERSONAL NAME | |
| Personal name | Ruiz Orsatti, Ricardo, |
| Dates associated with a name | n. 1871 |
| 9 (RLIN) | 65502 |
| 245 10 - TITLE STATEMENT | |
| Title | Relaciones hispano marroquíes : |
| Remainder of title | un gran amigo de España : el sultán Mohammed-ben-Abdalá ... / |
| Statement of responsibility, etc | por Ricardo Ruiz Orsatti. |
| 260 ## - PUBLICATION, DISTRIBUTION, ETC. (IMPRINT) | |
| Place of publication, distribution, etc | Madrid : |
| Name of publisher, distributor, etc | Africa, |
| Date of publication, distribution, etc | 1944. |
| 300 ## - PHYSICAL DESCRIPTION | |
| Extent | 176 p., [1] h. de lám. ; |
| Dimensions | 22 cm. |
| 336 ## - CONTENT TYPE | |
| Source | rdacontent |
| Content type term | text |
| 337 ## - MEDIA TYPE | |
| Source | rdamedia |
| Media type term | unmediated |
| 338 ## - CARRIER TYPE | |
| Source | rdacarrier |
| Carrier type term | volume |
| 500 ## - GENERAL NOTE | |
| General note | En verso de portada: Instituto de Estudios Políticos, Madrid. |
| 651 #4 - SUBJECT ADDED ENTRY--GEOGRAPHIC NAME | |
| Geographic name | España |
| General subdivision | Relaciones |
| Geographic subdivision | Marruecos |
| Chronological subdivision | Siglo 18o. |
| 9 (RLIN) | 65503 |
| 651 #4 - SUBJECT ADDED ENTRY--GEOGRAPHIC NAME | |
| Geographic name | Marruecos |
| General subdivision | Relaciones |
| Geographic subdivision | España |
| Chronological subdivision | Siglo 18o. |
| 9 (RLIN) | 65504 |
| 942 ## - ADDED ENTRY ELEMENTS (KOHA) | |
| Item type | Monografías |
| Withdrawn status | Lost status | Damaged status | Not for loan | Home library | Current library | Date acquired | Total Checkouts | Full call number | Barcode | Date last seen | Price effective from | Koha item type |
|---|---|---|---|---|---|---|---|---|---|---|---|---|
| Iglesia Nacional Española en Roma | Iglesia Nacional Española en Roma | 17/12/2019 | HIS.ESP.3. 48 | 60659 | 17/12/2019 | 17/12/2019 | Monografías |